[Event "Mindsports Open 5th"]
[Site "London"]
[Date "2025.08.13"]
[Round "1.1"]
[White "White, Stuart A"]
[Black "Urkedal, Frode Olav Olsen"]
[Result "0-1"]
[WhiteElo "2095"]
[BlackElo "2558"]
[PlyCount "70"]
[EventDate "2025.08.13"]
[EventType "swiss"]
[EventRounds "9"]
[EventCountry "ENG"]
[SourceTitle "BritBase"]
[Source "John Saunders"]
[SourceDate "2025.08.18"]
[SourceVersion "1"]
[SourceVersionDate "2025.08.18"]
[SourceQuality "1"]

1. c4 Nf6 2. g3 e6 3. Bg2 d5 4. Nf3 d4 5. O-O Nc6 6. d3 Be7 7. e3 O-O 8. exd4 Nxd4 9. Nxd4 Qxd4 10. Nc3 e5 11. Be3 Qd8 12. d4 Bg4 13. f3 exd4 14. Qxd4 Be6 15. b3 Qxd4 16. Bxd4 Rfd8 17. Be5 Bc5+ 18. Kh1 c6 19. Rad1 Re8 20. Bxf6 gxf6 21. Ne4 Be7 22. Nd6 Bxd6 23. Rxd6 Rad8 24. Rdd1 Bf5 25. Kg1 Rxd1 26. Rxd1 Re2 27. Rd8+ Kg7 28. Rb8 b6 29. a3 Ra2 30. a4 Bc2 31. c5 bxc5 32. f4 Rb2 33. Bxc6 c4 34. Bd5 Bd3 35. Rb7 c3 0-1

[Event "Mindsports Open 5th"]
[Site "London"]
[Date "2025.08.13"]
[Round "1.2"]
[White "Kovacs, Zoltan"]
[Black "Beerdsen, Thomas"]
[Result "0-1"]
[WhiteElo "2086"]
[BlackElo "2513"]
[PlyCount "64"]
[EventDate "2025.08.13"]
[EventType "swiss"]
[EventRounds "9"]
[EventCountry "ENG"]
[SourceTitle "BritBase"]
[Source "John Saunders"]
[SourceDate "2025.08.18"]
[SourceVersion "1"]
[SourceVersionDate "2025.08.18"]
[SourceQuality "1"]

1. d4 e6 2. Nf3 c5 3. e3 Nf6 4. Bd3 Nc6 5. O-O d5 6. c3 Qc7 7. Nbd2 Bd6 8. dxc5 Bxc5 9. e4 O-O 10. Qe2 h6 11. b4 Bd6 12. Bb2 a5 13. a3 Ne5 14. Bb1 dxe4 15. Nd4 Neg4 16. h3 Bh2+ 17. Kh1 Bg1 18. g3 Nxf2+ 19. Rxf2 Bxf2 20. Qxf2 e5 21. Nf5 Bxf5 22. Qxf5 Rfd8 23. Nf1 Qc4 24. Qf2 Rd1 25. Ba2 Qd3 26. Bc4 Qd7 27. Rxd1 Qxd1 28. Kg2 Nd5 29. Ne3 Nxe3+ 30. Qxe3 Rd8 31. Bc1 Qc2+ 32. Be2 Rd1 0-1

[Event "Mindsports Open 5th"]
[Site "London"]
[Date "2025.08.13"]
[Round "1.3"]
[White "Clarke, Brandon G I"]
[Black "Pereslavtsev, Alexandr"]
[Result "1-0"]
[WhiteElo "2491"]
[BlackElo "2079"]
[PlyCount "53"]
[EventDate "2025.08.13"]
[EventType "swiss"]
[EventRounds "9"]
[EventCountry "ENG"]
[SourceTitle "BritBase"]
[Source "John Saunders"]
[SourceDate "2025.08.18"]
[SourceVersion "1"]
[SourceVersionDate "2025.08.18"]
[SourceQuality "1"]

1. e4 c5 2. Nc3 a6 3. g3 b5 4. Bg2 Bb7 5. Nge2 e6 6. O-O Nf6 7. Re1 b4 8. Nd5 d6 9. Nxf6+ gxf6 10. c3 Nc6 11. d4 bxc3 12. bxc3 Bg7 13. d5 Ne7 14. Rb1 Bc8 15. dxe6 fxe6 16. e5 d5 17. exf6 Bxf6 18. Nf4 Qd6 19. Nxd5 exd5 20. Bxd5 Ra7 21. Bf7+ Kd7 22. Be6+ Kc7 23. Bf4 Rd8 24. Qa4 Bxc3 25. Qa3 Bxe1 26. Qxc5+ Nc6 27. Qb6# 1-0

[Event "Mindsports Open 5th"]
[Site "London"]
[Date "2025.08.13"]
[Round "1.4"]
[White "Janik, Igor"]
[Black "Lishoy Gengis Paratazham, Dildarav"]
[Result "1-0"]
[WhiteElo "2519"]
[BlackElo "2093"]
[PlyCount "121"]
[EventDate "2025.08.13"]
[EventType "swiss"]
[EventRounds "9"]
[EventCountry "ENG"]
[SourceTitle "BritBase"]
[Source "John Saunders"]
[SourceDate "2025.08.18"]
[SourceVersion "1"]
[SourceVersionDate "2025.08.18"]
[SourceQuality "1"]

1. e4 d6 2. d4 Nf6 3. Nc3 e5 4. Nge2 Be7 5. h3 h5 6. Be3 c6 7. a4 Nbd7 8. a5 Nf8 9. g3 Be6 10. f4 Qc7 11. Bg2 h4 12. g4 exf4 13. Nxf4 d5 14. e5 N6d7 15. O-O g6 16. Qd3 a6 17. Nce2 Rh7 18. Qd2 O-O-O 19. Nd3 Kb8 20. b4 Ka8 21. Bf4 Nb8 22. Nc3 Nfd7 23. Na4 Rg7 24. Bg5 Bxg5 25. Qxg5 Rh8 26. Rf2 Qd8 27. Qxd8 Rxd8 28. Nf4 Nf8 29. Raf1 Re8 30. c3 Nh7 31. Nxe6 fxe6 32. Rf7 Rxf7 33. Rxf7 Nf8 34. Nc5 Rd8 35. Nxb7 Rd7 36. Rxf8 Kxb7 37. Rg8 Re7 38. Rxg6 Nd7 39. Rh6 Nf8 40. Rxh4 Kc7 41. Bf1 Kb7 42. Rh6 Nh7 43. h4 Nf8 44. Bd3 Nd7 45. Rh7 Rxh7 46. Bxh7 Nf8 47. Bd3 Kc7 48. h5 Kd7 49. g5 Ke7 50. g6 Nxg6 51. hxg6 Kf8 52. Bxa6 Kg7 53. Bd3 Kh6 54. a6 c5 55. a7 cxb4 56. a8=Q Kg5 57. Qf8 bxc3 58. Qf6+ Kg4 59. Be2+ Kh3 60. Qf3+ Kh4 61. Qg4# 1-0

[Event "Mindsports Open 5th"]
[Site "London"]
[Date "2025.08.13"]
[Round "1.5"]
[White "Zakarian, Dimitrios Levon"]
[Black "Gasanov, Eldar"]
[Result "0-1"]
[WhiteElo "2079"]
[BlackElo "2471"]
[PlyCount "62"]
[EventDate "2025.08.13"]
[EventType "swiss"]
[EventRounds "9"]
[EventCountry "ENG"]
[SourceTitle "BritBase"]
[Source "John Saunders"]
[SourceDate "2025.08.18"]
[SourceVersion "1"]
[SourceVersionDate "2025.08.18"]
[SourceQuality "1"]

1. d4 e6 2. Nf3 c5 3. c4 cxd4 4. Nxd4 Nf6 5. Nc3 Bb4 6. Bd2 O-O 7. e3 Nc6 8. Be2 d5 9. cxd5 exd5 10. O-O Re8 11. Bf3 Ne5 12. Ncb5 Bc5 13. Rc1 Bb6 14. Bb4 Nxf3+ 15. Nxf3 Ne4 16. Nc3 Bg4 17. Nxd5 h6 18. Nxb6 Qxb6 19. Qd4 Qg6 20. Ne5 Rxe5 21. Qxe5 Bf3 22. g3 Ng5 23. h4 Qh5 24. Qf5 Be4 25. Rc8+ Rxc8 26. Qxc8+ Kh7 27. Rc1 Nf3+ 28. Kf1 Qb5+ 29. Kg2 Nxh4+ 30. Kg1 Nf3+ 31. Kg2 Qxb4 0-1

[Event "Mindsports Open 5th"]
[Site "London"]
[Date "2025.08.13"]
[Round "1.6"]
[White "Csonka, Balazs"]
[Black "Ravi, Krishna G"]
[Result "1/2-1/2"]
[WhiteElo "2467"]
[BlackElo "2074"]
[PlyCount "81"]
[EventDate "2025.08.13"]
[EventType "swiss"]
[EventRounds "9"]
[EventCountry "ENG"]
[SourceTitle "BritBase"]
[Source "John Saunders"]
[SourceDate "2025.08.18"]
[SourceVersion "1"]
[SourceVersionDate "2025.08.18"]
[SourceQuality "1"]

1. c4 c6 2. Nf3 d5 3. e3 Nf6 4. Nc3 Bf5 5. cxd5 Nxd5 6. d3 Bg6 7. e4 Nb6 8. d4 e6 9. a3 N8d7 10. Be3 Be7 11. Be2 O-O 12. O-O c5 13. Rc1 Rc8 14. e5 cxd4 15. Bxd4 a6 16. b4 Nb8 17. Be3 Nc4 18. Bxc4 Rxc4 19. Qb3 b5 20. Nd2 Rc6 21. Nce4 Qc7 22. Nc5 a5 23. Nf3 axb4 24. axb4 Bxc5 25. Bxc5 Rd8 26. Qe3 Qb7 27. Nd4 Rcc8 28. Bd6 Be4 29. f3 Bd5 30. h4 Nc6 31. h5 Nxd4 32. Qxd4 h6 33. Qh4 Re8 34. Bc5 Ra8 35. Rcd1 Qc7 36. Bd6 Qd8 37. Qg3 Qg5 38. Qxg5 hxg5 39. Rd4 Kh7 40. Rg4 f6 41. f4 1/2-1/2

[Event "Mindsports Open 5th"]
[Site "London"]
[Date "2025.08.13"]
[Round "1.7"]
[White "Leong, Aiden"]
[Black "Levin, Guy"]
[Result "0-1"]
[WhiteElo "2068"]
[BlackElo "2464"]
[PlyCount "82"]
[EventDate "2025.08.13"]
[EventType "swiss"]
[EventRounds "9"]
[EventCountry "ENG"]
[SourceTitle "BritBase"]
[Source "John Saunders"]
[SourceDate "2025.08.18"]
[SourceVersion "1"]
[SourceVersionDate "2025.08.18"]
[SourceQuality "1"]

1. d4 d5 2. Nf3 Nf6 3. c4 e6 4. g3 Nbd7 5. Bg2 dxc4 6. O-O c6 7. a4 b6 8. Na3 Ba6 9. Qc2 Bxa3 10. Rxa3 O-O 11. Rd1 Nd5 12. e4 Nb4 13. Qc3 Qe7 14. Bf1 Nd3 15. Bg5 f6 16. Be3 f5 17. Bxd3 cxd3 18. exf5 Rxf5 19. Ne1 e5 20. Qxc6 Rc8 21. Qd5+ Kh8 22. Rc3 Rxc3 23. bxc3 Nf6 24. Qa8+ Ng8 25. Qe4 Rh5 26. g4 Rh4 27. f3 h5 28. Ng2 Rh3 29. Nf4 exf4 30. Bxf4 Qxe4 31. fxe4 Rf3 32. Bb8 Nf6 33. e5 Nxg4 34. e6 Re3 35. d5 Nf6 36. Bxa7 Nxd5 37. a5 Rxe6 38. axb6 Nxb6 39. c4 Bxc4 40. h4 Nd5 41. Kh1 Nc3 0-1

[Event "Mindsports Open 5th"]
[Site "London"]
[Date "2025.08.13"]
[Round "1.8"]
[White "Hauge, Lars Oskar"]
[Black "Sachdeva, Ronit"]
[Result "1/2-1/2"]
[WhiteElo "2460"]
[BlackElo "2058"]
[PlyCount "77"]
[EventDate "2025.08.13"]
[EventType "swiss"]
[EventRounds "9"]
[EventCountry "ENG"]
[SourceTitle "BritBase"]
[Source "John Saunders"]
[SourceDate "2025.08.18"]
[SourceVersion "1"]
[SourceVersionDate "2025.08.18"]
[SourceQuality "1"]

1. f4 d5 2. Nf3 c5 3. g3 Nf6 4. Bg2 g6 5. d3 Bg7 6. O-O O-O 7. Qe1 Nc6 8. Na3 e5 9. fxe5 Ng4 10. c4 d4 11. Nc2 a5 12. h3 Ngxe5 13. g4 Qe7 14. Qg3 Bd7 15. Bf4 Rae8 16. Na3 Nxf3+ 17. Bxf3 Ne5 18. Bg2 g5 19. Bd2 Ng6 20. Be4 Bc6 21. Bxc6 bxc6 22. Nc2 Qxe2 23. Rf2 Qe7 24. Re1 Be5 25. Qf3 Qc7 26. Re4 Bf4 27. Bxf4 Nxf4 28. Ne1 Rxe4 29. dxe4 Qe7 30. Nd3 Nxd3 31. Qxd3 Re8 32. Re2 Qf6 33. Kg2 Qf4 34. Qf3 Qe5 35. Qd3 Qf4 36. Qf3 Qe5 37. Kf1 Re7 38. Ke1 Kg7 39. Kd1 1/2-1/2

[Event "Mindsports Open 5th"]
[Site "London"]
[Date "2025.08.13"]
[Round "1.9"]
[White "Hng, Mei-Xian Eunice"]
[Black "Willow, Jonah B"]
[Result "0-1"]
[WhiteElo "2052"]
[BlackElo "2459"]
[PlyCount "58"]
[EventDate "2025.08.13"]
[EventType "swiss"]
[EventRounds "9"]
[EventCountry "ENG"]
[SourceTitle "BritBase"]
[Source "John Saunders"]
[SourceDate "2025.08.18"]
[SourceVersion "1"]
[SourceVersionDate "2025.08.18"]
[SourceQuality "1"]

1. e4 c5 2. d4 cxd4 3. c3 Nf6 4. e5 Nd5 5. Qxd4 e6 6. Bd3 Nc6 7. Qe4 f5 8. exf6 Nxf6 9. Qh4 d5 10. Nf3 Bd6 11. Bg6+ Ke7 12. Bc2 e5 13. Bg5 e4 14. Nd4 h6 15. Bxf6+ gxf6 16. Nxc6+ bxc6 17. Nd2 Qg8 18. O-O-O Qg5 19. Qxg5 hxg5 20. h3 f5 21. Rde1 Kf6 22. Ba4 Bb7 23. Nb3 Rac8 24. g4 f4 25. c4 Ba6 26. Nd2 Bb4 27. cxd5 cxd5+ 28. Kd1 Rh7 29. a3 Rhc7 0-1

[Event "Mindsports Open 5th"]
[Site "London"]
[Date "2025.08.13"]
[Round "1.10"]
[White "Storme, Isak"]
[Black "Bharat Kumar, Balahari"]
[Result "1-0"]
[WhiteElo "2452"]
[BlackElo "2052"]
[PlyCount "61"]
[EventDate "2025.08.13"]
[EventType "swiss"]
[EventRounds "9"]
[EventCountry "ENG"]
[SourceTitle "BritBase"]
[Source "John Saunders"]
[SourceDate "2025.08.18"]
[SourceVersion "1"]
[SourceVersionDate "2025.08.18"]
[SourceQuality "1"]

1. e4 c5 2. Nf3 d6 3. Bb5+ Nd7 4. a4 Ngf6 5. Nc3 a6 6. Be2 e6 7. d4 cxd4 8. Qxd4 Be7 9. a5 O-O 10. O-O e5 11. Qe3 Nc5 12. Nd2 Ne6 13. Nc4 Nd4 14. Bd3 Be6 15. Nb6 Rb8 16. Ncd5 Ng4 17. Nxe7+ Qxe7 18. Qg3 f5 19. exf5 Bxf5 20. h3 Bxd3 21. Qxd3 Nxf2 22. Rxf2 Rxf2 23. Kxf2 Qh4+ 24. Kg1 Qe1+ 25. Kh2 Rf8 26. Nd7 Rf1 27. Qc4+ d5 28. Qc8+ Kf7 29. Qf8+ Kg6 30. Qe8+ Kf5 31. Qf7+ 1-0

[Event "Mindsports Open 5th"]
[Site "London"]
[Date "2025.08.13"]
[Round "1.11"]
[White "Avadhoot, Lokesh Bhakti Brahm"]
[Black "Kovchan, Alexander"]
[Result "0-1"]
[WhiteElo "2049"]
[BlackElo "2450"]
[PlyCount "88"]
[EventDate "2025.08.13"]
[EventType "swiss"]
[EventRounds "9"]
[EventCountry "ENG"]
[SourceTitle "BritBase"]
[Source "John Saunders"]
[SourceDate "2025.08.18"]
[SourceVersion "1"]
[SourceVersionDate "2025.08.18"]
[SourceQuality "1"]

1. Nf3 g6 2. c4 Bg7 3. g3 e5 4. Nc3 Ne7 5. Bg2 O-O 6. O-O f5 7. d3 h6 8. Ne1 d6 9. Rb1 a5 10. Nc2 Nd7 11. a3 a4 12. Nb4 Nc5 13. Be3 c6 14. d4 Nb3 15. dxe5 dxe5 16. Qxd8 Rxd8 17. Rbd1 Be6 18. Rxd8+ Rxd8 19. Nxa4 Bxc4 20. Re1 e4 21. Nc3 Nd5 22. Rd1 Bxc3 23. Nxd5 Ba5 24. Ne7+ Kg7 25. Rxd8 Bxd8 26. Nc8 Bxe2 27. Nd6 b5 28. Bf1 Bd3 29. f3 Be7 30. Ne8+ Kf7 31. Nc7 Bf6 32. fxe4 fxe4 33. Bh3 Ke7 34. Ne6 Bxb2 35. Bxh6 Nd4 36. Nf4 Ne2+ 37. Nxe2 Bxe2 38. Kf2 Bd3 39. Bg5+ Kd6 40. Bh6 c5 41. Bf4+ Kd5 42. Bd7 Bxa3 43. Be8 b4 44. Bxg6 e3+ 0-1

[Event "Mindsports Open 5th"]
[Site "London"]
[Date "2025.08.13"]
[Round "1.12"]
[White "Feuerstack, Aljoscha"]
[Black "Lebedev, Lion"]
[Result "1-0"]
[WhiteElo "2449"]
[BlackElo "2048"]
[PlyCount "47"]
[EventDate "2025.08.13"]
[EventType "swiss"]
[EventRounds "9"]
[EventCountry "ENG"]
[SourceTitle "BritBase"]
[Source "John Saunders"]
[SourceDate "2025.08.18"]
[SourceVersion "1"]
[SourceVersionDate "2025.08.18"]
[SourceQuality "1"]

1. d4 d5 2. c4 c6 3. Nf3 Nf6 4. g3 Bf5 5. Nc3 e6 6. Qb3 Qb6 7. c5 Qxb3 8. axb3 Na6 9. Ra4 Bc2 10. Bg2 Bxb3 11. Ra3 Bc2 12. O-O Be7 13. Bf4 O-O 14. Rfa1 Rfc8 15. e3 Ne8 16. Ne1 Bg6 17. Rb3 Nec7 18. Rxb7 Rcb8 19. Rxb8+ Rxb8 20. Bf1 Rxb2 21. Bxa6 Nxa6 22. Rxa6 Rb3 23. Rxa7 Rxc3 24. Rxe7 1-0

[Event "Mindsports Open 5th"]
[Site "London"]
[Date "2025.08.13"]
[Round "1.13"]
[White "Patel, Zain"]
[Black "Tica, Sven"]
[Result "1-0"]
[WhiteElo "2048"]
[BlackElo "2442"]
[PlyCount "105"]
[EventDate "2025.08.13"]
[EventType "swiss"]
[EventRounds "9"]
[EventCountry "ENG"]
[SourceTitle "BritBase"]
[Source "John Saunders"]
[SourceDate "2025.08.18"]
[SourceVersion "1"]
[SourceVersionDate "2025.08.18"]
[SourceQuality "1"]

1. Nf3 d5 2. d4 a6 3. c4 e6 4. cxd5 exd5 5. Nc3 h6 6. Bf4 Nf6 7. e3 Bd6 8. Bxd6 Qxd6 9. Rc1 O-O 10. Bd3 Be6 11. O-O Nbd7 12. h3 Rfd8 13. Qc2 Rac8 14. Na4 c6 15. Nc5 Rc7 16. Rfd1 a5 17. Nxd7 Nxd7 18. Bf5 Rcc8 19. Bxe6 fxe6 20. Rd3 Rf8 21. Rb3 b6 22. Rc3 c5 23. e4 c4 24. e5 Qe7 25. a4 Qb4 26. Nh2 Rf4 27. Ng4 Kh8 28. Rg3 Nf8 29. Rd1 Rc7 30. Qc1 Rcf7 31. Nf6 Rh4 32. Ne8 Qxa4 33. Nd6 Rhf4 34. Nxf7+ Rxf7 35. b3 Qc6 36. bxc4 dxc4 37. Qc3 Rc7 38. Rf3 Kg8 39. Qa3 Ng6 40. Qd6 Ne7 41. Qd8+ Kh7 42. Rf7 Nd5 43. Rf8 Re7 44. h4 Qd7 45. Qb8 Qb7 46. Qd8 Qc7 47. Qa8 h5 48. Rh8+ Kg6 49. Qg8 Kf5 50. Qh7+ Kf4 51. Rf8+ Rf7 52. Qxg7 Rxf8 53. Qxf8+ 1-0

[Event "Mindsports Open 5th"]
[Site "London"]
[Date "2025.08.13"]
[Round "1.14"]
[White "Czopor, Maciej"]
[Black "Allorant, Adrien"]
[Result "1-0"]
[WhiteElo "2434"]
[BlackElo "2042"]
[PlyCount "81"]
[EventDate "2025.08.13"]
[EventType "swiss"]
[EventRounds "9"]
[EventCountry "ENG"]
[SourceTitle "BritBase"]
[Source "John Saunders"]
[SourceDate "2025.08.18"]
[SourceVersion "1"]
[SourceVersionDate "2025.08.18"]
[SourceQuality "1"]

1. e4 c5 2. Nf3 g6 3. c3 Bg7 4. d4 cxd4 5. cxd4 d5 6. e5 Bg4 7. Bb5+ Nc6 8. Bxc6+ bxc6 9. Nbd2 f6 10. O-O Nh6 11. exf6 exf6 12. h3 Bxf3 13. Qxf3 O-O 14. Nb3 Nf7 15. Bf4 Ng5 16. Qg4 h5 17. Qe2 Qe8 18. Qc2 Qe4 19. Qxe4 dxe4 20. Bxg5 fxg5 21. Rfe1 Rae8 22. Rac1 Re6 23. Nc5 e3 24. Rxe3 Rxe3 25. fxe3 Re8 26. Kf2 g4 27. hxg4 Bh6 28. Rc3 hxg4 29. e4 Rf8+ 30. Ke2 Rf4 31. g3 Rf8 32. e5 Rb8 33. b3 Kf7 34. Ne4 Ke6 35. Nf6 Rb6 36. Kd3 Bf8 37. Ke4 c5 38. d5+ Kf7 39. Nxg4 Rb4+ 40. Rc4 Be7 41. d6 1-0

[Event "Mindsports Open 5th"]
[Site "London"]
[Date "2025.08.13"]
[Round "1.15"]
[White "Vandenbussche, Thibaut"]
[Black "Lee, Kah Meng Elgin"]
[Result "1-0"]
[WhiteElo "2402"]
[BlackElo "2036"]
[PlyCount "57"]
[EventDate "2025.08.13"]
[EventType "swiss"]
[EventRounds "9"]
[EventCountry "ENG"]
[SourceTitle "BritBase"]
[Source "John Saunders"]
[SourceDate "2025.08.18"]
[SourceVersion "1"]
[SourceVersionDate "2025.08.18"]
[SourceQuality "1"]

1. e4 Nf6 2. e5 Nd5 3. d4 d6 4. c4 Nb6 5. Nf3 g6 6. Nc3 Bg7 7. Be3 O-O 8. Be2 Bg4 9. O-O Nc6 10. e6 fxe6 11. Ng5 Bxe2 12. Qxe2 Qd7 13. Rad1 h6 14. Nge4 e5 15. dxe5 Nxe5 16. c5 Nbc4 17. Bd4 Na5 18. f4 Ng4 19. Bxg7 Kxg7 20. cxd6 exd6 21. Nc5 Rfe8 22. Nxd7 Rxe2 23. Nxe2 Ne3 24. Rc1 Nxf1 25. Rxc7 Re8 26. Kxf1 Re7 27. b4 Nc6 28. Rxb7 Kf7 29. b5 1-0

[Event "Mindsports Open 5th"]
[Site "London"]
[Date "2025.08.13"]
[Round "1.16"]
[White "Shidlagatta, Anirudh"]
[Black "Li, Wenxiang"]
[Result "0-1"]
[WhiteElo "2036"]
[BlackElo "2395"]
[PlyCount "98"]
[EventDate "2025.08.13"]
[EventType "swiss"]
[EventRounds "9"]
[EventCountry "ENG"]
[SourceTitle "BritBase"]
[Source "John Saunders"]
[SourceDate "2025.08.18"]
[SourceVersion "1"]
[SourceVersionDate "2025.08.18"]
[SourceQuality "1"]

1. Nf3 d5 2. g3 Bg4 3. Bg2 c6 4. c4 e6 5. d4 Nf6 6. Ne5 Bf5 7. Nc3 Nbd7 8. O-O Be7 9. Qb3 Qb6 10. Nxd7 Nxd7 11. e4 dxe4 12. Nxe4 O-O 13. Be3 Qxb3 14. axb3 a6 15. f3 Rad8 16. Rfd1 h6 17. Rac1 Nf6 18. h3 Rd7 19. Nc3 Rfd8 20. g4 Bg6 21. f4 Bb4 22. Bf3 Ba5 23. Na4 Be4 24. Kg2 Bb4 25. g5 Bxf3+ 26. Kxf3 hxg5 27. fxg5 Nh5 28. Nb6 Re7 29. c5 Ba5 30. Nc4 Bc7 31. Rd2 Rd5 32. Rcd1 g6 33. h4 Rf5+ 34. Kg4 Rd7 35. Ne5 Bxe5 36. dxe5 Rd5 37. Rxd5 exd5 38. Rd4 Rxe5 39. Kf3 Ng7 40. Bf4 Rf5 41. Rb4 Ne6 42. Rxb7 Rxf4+ 43. Kg3 a5 44. Rb6 Rb4 45. Rxc6 Rxb3+ 46. Kg4 Rxb2 47. Rc8+ Kg7 48. c6 Rc2 49. h5 Rc4+ 0-1

[Event "Mindsports Open 5th"]
[Site "London"]
[Date "2025.08.13"]
[Round "1.17"]
[White "Balaji, Aaravamudhan"]
[Black "Sanitt, Ethan"]
[Result "1-0"]
[WhiteElo "2394"]
[BlackElo "2033"]
[PlyCount "95"]
[EventDate "2025.08.13"]
[EventType "swiss"]
[EventRounds "9"]
[EventCountry "ENG"]
[SourceTitle "BritBase"]
[Source "John Saunders"]
[SourceDate "2025.08.18"]
[SourceVersion "1"]
[SourceVersionDate "2025.08.18"]
[SourceQuality "1"]

1. d4 Nf6 2. c4 c5 3. d5 b5 4. Qc2 b4 5. e4 d6 6. Nf3 g6 7. Bd3 Bg7 8. O-O O-O 9. h3 Nfd7 10. Bf4 e5 11. Bg5 f6 12. Be3 h6 13. a3 b3 14. Qxb3 f5 15. Qd1 a5 16. Nc3 Nf6 17. exf5 gxf5 18. Bc2 Nh7 19. Ne1 Qe8 20. Nb5 Qg6 21. f4 e4 22. Rb1 Bd7 23. Ba4 Bxb5 24. Bxb5 Nf6 25. Qa4 Nh5 26. Nc2 Kh7 27. b4 Rg8 28. Rf2 Bd4 29. Nxd4 cxd4 30. Bxd4 Nxf4 31. Kh1 Nd3 32. Rd2 f4 33. c5 f3 34. Bxd3 fxg2+ 35. Kg1 exd3 36. Qb5 Ra7 37. Qxd3 axb4 38. axb4 Qxd3 39. Rxd3 dxc5 40. bxc5 Rd7 41. Be5 Nc6 42. Bd6 Na5 43. Rd4 Rf7 44. Rf4 Rfg7 45. c6 Rg5 46. c7 Rxd5 47. Rf7+ Kg6 48. Rf8 1-0

[Event "Mindsports Open 5th"]
[Site "London"]
[Date "2025.08.13"]
[Round "1.18"]
[White "Lochte, Thomas"]
[Black "Lohia, Sohum"]
[Result "0-1"]
[WhiteElo "2023"]
[BlackElo "2387"]
[PlyCount "74"]
[EventDate "2025.08.13"]
[EventType "swiss"]
[EventRounds "9"]
[EventCountry "ENG"]
[SourceTitle "BritBase"]
[Source "John Saunders"]
[SourceDate "2025.08.18"]
[SourceVersion "1"]
[SourceVersionDate "2025.08.18"]
[SourceQuality "1"]

1. e4 e5 2. Nf3 Nc6 3. Bc4 Nf6 4. d3 Bc5 5. c3 a5 6. O-O d6 7. h3 h6 8. Re1 g5 9. d4 Ba7 10. dxe5 Nxe5 11. Nxe5 dxe5 12. Qxd8+ Kxd8 13. Be3 Bxe3 14. Rxe3 Ke7 15. Nd2 Be6 16. Be2 Rhd8 17. Nf3 Nd7 18. a4 f6 19. b4 Nb6 20. Bd1 Bd7 21. b5 c6 22. Be2 cxb5 23. axb5 Be6 24. Ne1 Nc4 25. Rd3 Nd6 26. Re3 b6 27. Nc2 Rac8 28. Bg4 Rc5 29. Bxe6 Kxe6 30. Rd3 Rdc8 31. Rad1 Nxb5 32. Ne3 Rxc3 33. Nd5 Rxd3 34. Rxd3 a4 35. Rf3 Rf8 36. Nxb6 a3 37. Na4 Rc8 0-1

[Event "Mindsports Open 5th"]
[Site "London"]
[Date "2025.08.13"]
[Round "1.20"]
[White "Deepak Ambattu, Rithvik"]
[Black "Sofronie, Iulian"]
[Result "1/2-1/2"]
[WhiteElo "1990"]
[BlackElo "2372"]
[PlyCount "83"]
[EventDate "2025.08.13"]
[EventType "swiss"]
[EventRounds "9"]
[EventCountry "ENG"]
[SourceTitle "BritBase"]
[Source "John Saunders"]
[SourceDate "2025.08.18"]
[SourceVersion "1"]
[SourceVersionDate "2025.08.18"]
[SourceQuality "1"]

1. e4 e5 2. Nf3 Nc6 3. Bb5 a6 4. Ba4 Nf6 5. O-O b5 6. Bb3 Bc5 7. c3 d6 8. d4 Bb6 9. a4 Rb8 10. a5 Ba7 11. h3 O-O 12. Be3 Ra8 13. Nbd2 h6 14. Re1 exd4 15. cxd4 Nb4 16. d5 Nd3 17. Re2 Nd7 18. Bxa7 Rxa7 19. Re3 Nf4 20. Nf1 Ne5 21. Nxe5 dxe5 22. Ng3 Qg5 23. Kh2 Rd8 24. Qf3 Rd6 25. Ne2 Ng6 26. Qg3 Qxg3+ 27. Kxg3 Kf8 28. Rc1 Ke8 29. Rec3 Kd8 30. f4 f6 31. fxe5 fxe5 32. Rf3 Ke7 33. Rcf1 Rf6 34. Rxf6 gxf6 35. Kh2 Bd7 36. g3 Ra8 37. d6+ cxd6 38. Nc3 Rf8 39. Nd5+ Kd8 40. Rxf6 Rxf6 41. Nxf6 Ne7 42. Ng8 1/2-1/2

[Event "Mindsports Open 5th"]
[Site "London"]
[Date "2025.08.13"]
[Round "1.21"]
[White "Hobson, Kenneth"]
[Black "Kapechun, Mikhailo"]
[Result "1-0"]
[WhiteElo "2361"]
[BlackElo "1985"]
[PlyCount "67"]
[EventDate "2025.08.13"]
[EventType "swiss"]
[EventRounds "9"]
[EventCountry "ENG"]
[SourceTitle "BritBase"]
[Source "John Saunders"]
[SourceDate "2025.08.18"]
[SourceVersion "1"]
[SourceVersionDate "2025.08.18"]
[SourceQuality "1"]

1. e4 c5 2. Nf3 Nc6 3. Bb5 Nf6 4. Bxc6 dxc6 5. d3 Bg4 6. h3 Bh5 7. Nbd2 Nd7 8. Nc4 Qc7 9. Be3 e5 10. g4 Bg6 11. Nh4 b5 12. Nd2 Bd6 13. a4 O-O 14. Nf5 Rfd8 15. Qf3 Nf8 16. h4 f6 17. Rg1 Ne6 18. h5 Bxf5 19. gxf5 Nd4 20. Qd1 bxa4 21. c3 Nb3 22. Nxb3 axb3 23. h6 Rd7 24. Qxb3+ Kh8 25. Qe6 Bf8 26. hxg7+ Bxg7 27. Bxc5 a5 28. Bb6 Qb7 29. Rxa5 Rdd8 30. Bxd8 Rxd8 31. Qa2 Bh6 32. Ra7 Qb5 33. Rxh7+ Kxh7 34. Qf7+ 1-0

[Event "Mindsports Open 5th"]
[Site "London"]
[Date "2025.08.13"]
[Round "1.22"]
[White "Vashisht-Pigem, Raman"]
[Black "Safar, Sandro"]
[Result "0-1"]
[WhiteElo "1981"]
[BlackElo "2354"]
[PlyCount "104"]
[EventDate "2025.08.13"]
[EventType "swiss"]
[EventRounds "9"]
[EventCountry "ENG"]
[SourceTitle "BritBase"]
[Source "John Saunders"]
[SourceDate "2025.08.18"]
[SourceVersion "1"]
[SourceVersionDate "2025.08.18"]
[SourceQuality "1"]

1. e4 c5 2. Nf3 Nc6 3. Bb5 g6 4. O-O Bg7 5. Re1 Nf6 6. e5 Nd5 7. Nc3 Nc7 8. Bxc6 dxc6 9. Ne4 Ne6 10. d3 h6 11. Be3 b6 12. h3 g5 13. a4 a5 14. Qd2 Qc7 15. c3 Bxe5 16. Nxe5 Qxe5 17. Nxc5 bxc5 18. Bd4 Qf4 19. Qxf4 gxf4 20. Bxh8 f6 21. Rxe6 Bxe6 22. Bg7 h5 23. Bh6 f3 24. gxf3 Bxh3 25. Be3 Rb8 26. Bxc5 Rxb2 27. Re1 e6 28. Re4 Bf5 29. Rh4 Rb3 30. Rxh5 Rxc3 31. d4 Rc4 32. Rh8+ Kd7 33. Rf8 e5 34. Rxf6 Be6 35. Rh6 exd4 36. Rh7+ Kc8 37. Bb6 d3 38. Bxa5 Rxa4 39. Rh8+ Kb7 40. Bd2 Ra1+ 41. Kg2 Rd1 42. Bf4 d2 43. Bxd2 Rxd2 44. f4 c5 45. Rh7+ Kc6 46. Kf3 Bf5 47. Rh6+ Kb5 48. Ke3 Rd5 49. Rh8 c4 50. Rb8+ Ka4 51. Rb7 c3 52. Rc7 Kb3 0-1